<?xml version="1.0" encoding="UTF-8"?>
<record
    xmlns:xsi="http://www.w3.org/2001/XMLSchema-instance"
    xsi:schemaLocation="http://www.loc.gov/MARC21/slim http://www.loc.gov/standards/marcxml/schema/MARC21slim.xsd"
    xmlns="http://www.loc.gov/MARC21/slim">

  <leader>00589nam a22001817a 4500</leader>
  <controlfield tag="003">OSt</controlfield>
  <controlfield tag="008">240515b1999    |||||||| |||| 00| 0 eng d</controlfield>
  <datafield tag="020" ind1=" " ind2=" ">
    <subfield code="a">9780070534070</subfield>
  </datafield>
  <datafield tag="082" ind1=" " ind2=" ">
    <subfield code="a">658.4012</subfield>
    <subfield code="b">RAS-M</subfield>
  </datafield>
  <datafield tag="100" ind1=" " ind2=" ">
    <subfield code="a">Rasiel, Ethan M.</subfield>
  </datafield>
  <datafield tag="245" ind1=" " ind2=" ">
    <subfield code="a">The mckinsey way :</subfield>
    <subfield code="b">using the techniques of the world's top strategic consultants to help you and your business/</subfield>
    <subfield code="c">Ethan M. Rasiel.</subfield>
  </datafield>
  <datafield tag="260" ind1=" " ind2=" ">
    <subfield code="a">Delhi :</subfield>
    <subfield code="b">McGraw Hill Education,</subfield>
    <subfield code="c">1999.</subfield>
  </datafield>
  <datafield tag="300" ind1=" " ind2=" ">
    <subfield code="a">xv, 187 p. ;</subfield>
  </datafield>
  <datafield tag="650" ind1=" " ind2=" ">
    <subfield code="a">Mckinsey and company</subfield>
  </datafield>
  <datafield tag="650" ind1=" " ind2=" ">
    <subfield code="a">Business consultants</subfield>
  </datafield>
  <datafield tag="650" ind1=" " ind2=" ">
    <subfield code="a">Industrial management</subfield>
  </datafield>
  <datafield tag="942" ind1=" " ind2=" ">
    <subfield code="2">ddc</subfield>
    <subfield code="c">BK</subfield>
    <subfield code="0">9</subfield>
  </datafield>
  <datafield tag="999" ind1=" " ind2=" ">
    <subfield code="c">20531</subfield>
    <subfield code="d">20531</subfield>
  </datafield>
  <datafield tag="952" ind1=" " ind2=" ">
    <subfield code="0">0</subfield>
    <subfield code="1">0</subfield>
    <subfield code="2">ddc</subfield>
    <subfield code="4">0</subfield>
    <subfield code="7">0</subfield>
    <subfield code="a">SOBD</subfield>
    <subfield code="b">SOBD</subfield>
    <subfield code="d">2024-04-11</subfield>
    <subfield code="e">Vedi Books</subfield>
    <subfield code="f">INR</subfield>
    <subfield code="g">795.00</subfield>
    <subfield code="o">658.4012 RAS-M1</subfield>
    <subfield code="p">005552</subfield>
    <subfield code="r">2024-05-15</subfield>
    <subfield code="t">1</subfield>
    <subfield code="w">2024-04-11</subfield>
    <subfield code="y">REF</subfield>
    <subfield code="k">VEDI/24-25/04/10</subfield>
  </datafield>
  <datafield tag="952" ind1=" " ind2=" ">
    <subfield code="0">0</subfield>
    <subfield code="1">0</subfield>
    <subfield code="2">ddc</subfield>
    <subfield code="4">0</subfield>
    <subfield code="7">0</subfield>
    <subfield code="a">SOBD</subfield>
    <subfield code="b">SOBD</subfield>
    <subfield code="d">2024-04-11</subfield>
    <subfield code="e">Vedi Books</subfield>
    <subfield code="f">INR</subfield>
    <subfield code="g">795.00</subfield>
    <subfield code="l">1</subfield>
    <subfield code="o">658.4012 RAS-M2</subfield>
    <subfield code="p">005553</subfield>
    <subfield code="r">2025-10-13</subfield>
    <subfield code="s">2025-09-26</subfield>
    <subfield code="t">2</subfield>
    <subfield code="w">2024-04-11</subfield>
    <subfield code="y">BK</subfield>
    <subfield code="k">VEDI/24-25/04/10</subfield>
  </datafield>
  <datafield tag="952" ind1=" " ind2=" ">
    <subfield code="0">0</subfield>
    <subfield code="1">0</subfield>
    <subfield code="2">ddc</subfield>
    <subfield code="4">0</subfield>
    <subfield code="7">0</subfield>
    <subfield code="a">SOBD</subfield>
    <subfield code="b">SOBD</subfield>
    <subfield code="d">2024-04-11</subfield>
    <subfield code="e">Vedi Books</subfield>
    <subfield code="f">INR</subfield>
    <subfield code="g">795.00</subfield>
    <subfield code="l">1</subfield>
    <subfield code="m">2</subfield>
    <subfield code="o">658.4012 RAS-M3</subfield>
    <subfield code="p">005554</subfield>
    <subfield code="r">2025-10-01</subfield>
    <subfield code="s">2025-08-19</subfield>
    <subfield code="t">3</subfield>
    <subfield code="w">2024-04-11</subfield>
    <subfield code="y">BK</subfield>
    <subfield code="k">VEDI/24-25/04/10</subfield>
  </datafield>
  <datafield tag="952" ind1=" " ind2=" ">
    <subfield code="0">0</subfield>
    <subfield code="1">0</subfield>
    <subfield code="2">ddc</subfield>
    <subfield code="4">0</subfield>
    <subfield code="7">0</subfield>
    <subfield code="a">SOBD</subfield>
    <subfield code="b">SOBD</subfield>
    <subfield code="d">2024-04-11</subfield>
    <subfield code="e">Vedi Books</subfield>
    <subfield code="f">INR</subfield>
    <subfield code="g">795.00</subfield>
    <subfield code="l">1</subfield>
    <subfield code="o">658.4012 RAS-M4</subfield>
    <subfield code="p">005555</subfield>
    <subfield code="r">2025-03-18</subfield>
    <subfield code="s">2025-02-19</subfield>
    <subfield code="t">4</subfield>
    <subfield code="w">2024-04-11</subfield>
    <subfield code="y">BK</subfield>
    <subfield code="k">VEDI/24-25/04/10</subfield>
  </datafield>
  <datafield tag="952" ind1=" " ind2=" ">
    <subfield code="0">0</subfield>
    <subfield code="1">0</subfield>
    <subfield code="2">ddc</subfield>
    <subfield code="4">0</subfield>
    <subfield code="7">0</subfield>
    <subfield code="a">SOBD</subfield>
    <subfield code="b">SOBD</subfield>
    <subfield code="d">2024-04-11</subfield>
    <subfield code="e">Vedi Books</subfield>
    <subfield code="f">INR</subfield>
    <subfield code="g">795.00</subfield>
    <subfield code="l">6</subfield>
    <subfield code="m">1</subfield>
    <subfield code="o">658.4012 RAS-M5</subfield>
    <subfield code="p">005556</subfield>
    <subfield code="r">2025-10-01</subfield>
    <subfield code="s">2025-09-17</subfield>
    <subfield code="t">5</subfield>
    <subfield code="w">2024-04-11</subfield>
    <subfield code="y">BK</subfield>
    <subfield code="k">VEDI/24-25/04/10</subfield>
  </datafield>
</record>
